000 00421nam a2200181Ia 4500
001 5183
005 20260306145849.0
008 260306t2011||||xx |||||||||||||| ||spa||
041 _aESP
082 _a337
_bM15
100 _aMaesso Corral, María
_eAUT
245 0 _aManual de economía mundial
260 _c2011
300 _a526 páginas :
_c24 cm.
650 _aGEN
654 _aCAN
942 _cLIB
_dJUS
_fJUS
_2ddc
_n
999 _c5183
_d5183